De gratte-ciel en cocotier

Guardat en:
Dades bibliogràfiques
Autor principal: Troyat, Henri
Format: Llibre
Idioma:Undetermined
Publicat: París, Francia Librairie Plon 1955
Matèries:
Etiquetes: Afegir etiqueta
Sense etiquetes, Sigues el primer a etiquetar aquest registre!

MARC

LEADER 00000nam a2200000Ia 4500
008 170316s9999 xx 000 0 und d
040 |a cru BVZT 
090 |a 840 T-5d 
100 |a Troyat, Henri 
245 |a De gratte-ciel en cocotier 
260 |a París, Francia 
260 |b Librairie Plon 
260 |c 1955 
300 |a 367 páginas 
650 |a LITERATURA FRANCESA 
999 |c 8033  |d 8033 
942 |c 15 D  |h 840 T-5d  |2 z